Les joueuses du top 100 WTA actuel en nombre de victoires - Statistiques

Statistiques générales
  • Ce quiz a été pris 208 fois
    81 depuis la dernière actualisation
  • Le résultat moyen est 36 sur 100
Statistiques - réponses
Nombre de victoires en WTA Classement actuel Nationalité Joueuses % Correct
269 2ème Biélorussie Aryna Sabalenka
92%
215 1ère Pologne Iga Swiatek
90%
333 23ème France Caroline Garcia
85%
549 26ème Biélorussie Victoria Azarenka
85%
161 3ème Etats-Unis Coco Gauff
79%
401 97ème France Alizé Cornet
77%
193 4ème Kazakhstan Elena Rybakina
75%
367 17ème Ukraine Elina Svitolina
75%
223 7ème Grèce Maria Sakkari
75%
193 6ème Tunisie Ons Jabeur
75%
241 10ème Lettonie Jelena Ostapenko
72%
185 5ème Etats-Unis Jessica Pegula
72%
511 60ème République Tchèque Petra Kvitova
67%
243 30ème Belgique Elise Mertens
66%
284 18ème Etats-Unis Madison Keys
66%
118 14ème Italie Jasmine Paolini
64%
264 62ème Suisse Belinda Bencic
62%
397 49ème République Tchèque Karolina Pliskova
62%
78 8ème Chine Zheng Qinwen
62%
151 22ème Etats-Unis Danielle Collins
56%
264 11ème Russie Daria Kasatkina
56%
101 12ème République Tchèque Karolina Muchova
56%
289 40ème Etats-Unis Sloane Stephens
56%
145 9ème République Tchèque Marketa Vondrousova
54%
118 13ème Brésil Beatriz Haddad Maia
51%
203 36ème Croatie Donna Vekic
51%
82 51ème France Diane Parry
48%
60 99ème Russie Erika Andreeva
48%
61 38ème Russie Mirra Andreeva
48%
117 82ème Espagne Paula Badosa
48%
126 25ème République Tchèque Barbora Krejcikova
41%
73 44ème France Clara Burel
39%
81 27ème Ukraine Marta Kostyuk
39%
113 20ème Etats-Unis Emma Navarro
38%
85 34ème Canada Leylah Fernandez
38%
139 77ème France Océane Dodin
38%
312 29ème Roumanie Sorana Cirstea
38%
410 21ème Russie Anastasia Pavlyuchenkova
36%
65 85ème Colombie Camila Osorio
36%
186 15ème Russie Ekaterina Alexandrova
36%
185 63ème Pologne Magda Linette
36%
186 46ème Allemagne Tatjana Maria
36%
83 24ème Russie Anna Kalinskaya
34%
98 16ème Russie Lidumila Samsonova
34%
86 43ème Chine Wang Xinyu
34%
79 55ème Chine Wang Xiyu
34%
149 69ème Chine Wang Yafan
34%
94 71ème Belgique Greet Minnen
33%
137 57ème Etats-Unis Sofia Kenin
33%
79 100ème France Varvara Gracheva
33%
166 19ème Russie Veronika Kudermetova
33%
166 54ème Pays-Bas Arantxa Rus
31%
75 28ème Royaume-Uni Katie Boulter
31%
70 53ème Pologne Magdalena Frech
31%
220 52ème Kazakhstan Yulia Putintseva
31%
87 87ème Danemark Clara Tauson
30%
104 32ème Ukraine Dayana Yastremska
30%
75 72ème Egypte Mayar Sherif
30%
187 41ème République Tchèque Katerina Siniakova
28%
71 31ème République Tchèque Linda Noskova
28%
105 35ème Russie Anastasia Potapova
25%
130 89ème Allemagne Laura Siegemund
25%
215 61ème Croatie Petra Martic
25%
83 33ème Ukraine Anhelina Kalinina
23%
89 83ème Roumanie Jaqueline Cristian
23%
184 39ème Ukraine Lesia Tsurenko
23%
136 79ème Suisse Viktorija Golubic
23%
88 56ème Italie Elisabetta Cocciaretto
21%
118 59ème Chine Zhu Lin
21%
104 42ème République Tchèque Marie Bouzkova
20%
119 66ème Roumanie Ana Bogdan
18%
74 58ème Russie Diana Shnaider
18%
144 50ème Espagne Sara Sorribes Tormo
18%
127 45ème Russie Anna Blinkova
16%
65 48ème Italie Lucia Bronzetti
16%
102 67ème Argentine Nadia Podoroska
16%
121 80ème Japon Nao Hibino
16%
84 68ème Etats-Unis Taylor Townsend
16%
81 74ème Bulgarie Viktoriya Tomova
16%
59 75ème Espagne Cristina Bucsa
15%
64 88ème Royaume-Uni Harriet Dart
15%
98 98ème Argentine Maria Carle
15%
82 37ème Chine Yuan Yue
15%
59 81ème Italie Martina Trevisan
13%
71 65ème Etats-Unis Peyton Stearns
13%
295 90ème Belgique Yanina Wickmayer
13%
57 91ème Espagne Rebeka Masarova
11%
168 70ème Slovaquie Anna Karolina Schmiedlova
10%
61 92ème Russie Kamilla Rakhimova
10%
76 76ème Allemagne Tamara Korpatsch
10%
91 78ème Etats-Unis Bernarda Pera
8%
54 64ème Russie Elina Avanesyan
8%
61 84ème Etats-Unis Kayla Day
8%
60 86ème Chine Bai Zhuoxuan
7%
74 47ème Etats-Unis Caroline Dolehide
7%
58 73ème Etats-Unis Ashlyn Krueger
5%
71 96ème Etats-Unis Hailey Baptiste
5%
65 94ème Royaume-Uni Jodie Burrage
5%
51 93ème Russie Maria Timofeeva
5%
64 95ème Etats-Unis Emma Bektas
2%
Aucun quiz correspondant
Distribution des résultats
% des personnes avec chaque résultat
Percentile par nombre de réponses
Votre historique - résultats
Vous n’avez pas pris ce quiz depuis la dernière actualisation